<?xml version="1.0" encoding="UTF-8"?>
<record
    xmlns:xsi="http://www.w3.org/2001/XMLSchema-instance"
    xsi:schemaLocation="http://www.loc.gov/MARC21/slim http://www.loc.gov/standards/marcxml/schema/MARC21slim.xsd"
    xmlns="http://www.loc.gov/MARC21/slim">

  <leader>05983nam a2200301 a 4500</leader>
  <controlfield tag="001">BRCA_5228</controlfield>
  <controlfield tag="005">20190320205007.0</controlfield>
  <controlfield tag="008">261110m17721842mx-######v---#000-0#spa-#</controlfield>
  <datafield tag="041" ind1=" " ind2=" ">
    <subfield code="a">spa</subfield>
  </datafield>
  <datafield tag="044" ind1=" " ind2=" ">
    <subfield code="a">mx</subfield>
  </datafield>
  <datafield tag="084" ind1=" " ind2=" ">
    <subfield code="a">DOC96</subfield>
    <subfield code="b">.O73</subfield>
    <subfield code="c">1772</subfield>
  </datafield>
  <datafield tag="110" ind1="2" ind2=" ">
    <subfield code="a">Orden del Monte Carmelo</subfield>
    <subfield code="9">13388</subfield>
  </datafield>
  <datafield tag="245" ind1="1" ind2="0">
    <subfield code="a">Documento expedido del Libro de Juntas de la Venerable Orden del Monte Carmelo.</subfield>
  </datafield>
  <datafield tag="260" ind1=" " ind2=" ">
    <subfield code="a">M&#xE9;xico</subfield>
    <subfield code="c">1772-1842</subfield>
  </datafield>
  <datafield tag="300" ind1=" " ind2=" ">
    <subfield code="a">[239] fojas, encuadernadas</subfield>
    <subfield code="c">29 x 31 cm</subfield>
  </datafield>
  <datafield tag="500" ind1=" " ind2=" ">
    <subfield code="a">Documento expedido el 10 de mayo de 1772</subfield>
  </datafield>
  <datafield tag="500" ind1=" " ind2=" ">
    <subfield code="a">El documento contiene la leyenda DOC. #256</subfield>
  </datafield>
  <datafield tag="500" ind1=" " ind2=" ">
    <subfield code="a">Papel con marca de agua</subfield>
  </datafield>
  <datafield tag="500" ind1=" " ind2=" ">
    <subfield code="a">Documento que contiene varios legajos de asuntos firmados y fechados entre 1772 y 1842</subfield>
  </datafield>
  <datafield tag="500" ind1=" " ind2=" ">
    <subfield code="a">Estado de conservaci&#xF3;n: contiene manchas de acido, m&#xE1;rgenes con roturas y dobleces</subfield>
  </datafield>
  <datafield tag="505" ind1="0" ind2=" ">
    <subfield code="a">9 de abril de 1774: Los religiosos de la Tercera orden solicitan autorizaci&#xF3;n para asistir a los entierros, indulgencias, plenarias, etc. Al director del Colegio de Santa Ana. -&#x2013; 12 de marzo de 1775: Pide autorizaci&#xF3;n para que do&#xF1;a Mar&#xED;a Anna Luxan se quite el h&#xE1;bito por encontrarse enferma y ser la forma de sanar. Se pide a la hija y heredera de Anna Mazano que exhiba los documentos. -- 14 de junio de 1775: Se da un plazo de 15 d&#xED;as a los miembros de la Orden de Terceros que no han pagado el cornadillo que los acredita como tales y se les previene de no hacerlo se les borrar&#xE1; de la Orden y no tendr&#xE1;n derecho a misas y dem&#xE1;s acostumbrado. -&#x2013; 26 de mayo de 1777: se acordo otorgar una cantidad de lo existente para las procesiones. Se nombra Superior  de la Orden de Terceros al Presb&#xED;tero don Andr&#xE9;s L&#xF3;pez de Barba por muerte de don Felipe de Zelis y se admiten a otros miembros en la orden. -- 2 de septiembre de 1777: Se otorga licencia a do&#xF1;a Anna Rita P&#xE9;rez para que pueda llevar el h&#xE1;bito de Nuestra Se&#xF1;ora del Carmen por un a&#xF1;o. -&#x2013; 2 de julio 1785: reuni&#xF3;n de los miembros de la orden a fin de informar la necesidad imperiosa de tener un edificio propio para lo que contribuyeron algunos de los miembros. 11 de septiembre de 1785: una comisi&#xF3;n representativa de la orden, reconoce y examina el terreno donde debe construirse el convento. -&#x2013; 26 de enero de 1786: junta en que se presenta el mapa de Jos&#xE9; Joaqu&#xED;n de Torres y plano para la construcci&#xF3;n del convento. -&#x2013; 12 de noviembre de 1786: junta en la sacrist&#xED;a de la Capilla de Nuestra Se&#xF1;ora de Europa en el Convento de San Sebasti&#xE1;n de las Carmelitas Descalzas para informar la muerte del tesorero don Francisco Mar&#xED;a Nerelo. Se nombro para sustituirle a Don Manuel Garc&#xED;a Prieto y el albacea del muerto presento la cuenta desde el 8 de mayo hasta el 31 de octubre de 1786. -&#x2013; 4 de mayo de 1788: junta de los miembros  de la Orden de las Carmelitas para tratar el aumento de oficiales en su mesa. Carta firmada por los miembros de la Orden, dirigida al Prior en la que le piden autorizaci&#xF3;n para el aumento de dichos oficiales, as&#xED; mismo le comunican su opini&#xF3;n y determinaci&#xF3;n de que los Priores pasen a definidores. Citan en su apoyo las Constituciones de 1784 y la Bulla Dum atenta del Dr. Sixto IV (Mare Magnum Carmelitanm ). -&#x2013; Madrid 12 de diciembre de 1788: Concesi&#xF3;n de Licencia a la Vulnerable Orden Tercera de Nuestra Se&#xF1;ora del Carmen, establecida en la ciudad de M&#xE9;xico, para que pueda fabricar unida al convento de religiosos de la propia orden, en la forma que se expresa una capilla donde ejercer los actos de su instituto, dirigida al Virrey de Nueva Espa&#xF1;a don Manuel Antonio Flores. Esquela de la Bula que concedi&#xF3; el se&#xF1;or Pio Sixto en 27 de abril de 1776 para que sean altares de &#xE1;nima todos los de la capilla de nuestra Tercera Orden cuyo original se conserva en el archivo de dicha Orden. -- 5 de mayo de 1792: Se informa al se&#xF1;or Prior ha admitido el Real Tribunal de el Consulado el Padrinazgo para la colocaci&#xF3;n del tesoro de la Nueva Capilla. Carta al muy Reverendo Padre Provincial notific&#xE1;ndole su nombramiento. Acto de placa puesta al iniciarse la construcci&#xF3;n. &#x2013;- 20 de junio de 1795: reuni&#xF3;n para dar informe general del financiamiento de la construcci&#xF3;n del convento y comunicar la petici&#xF3;n de un donativo para el Virrey M&#xE1;rquez de Francisforte por motivo de la guerra contra los franceses. &#x2014;- 23 de junio de 1796: reuni&#xF3;n en que se da cuenta de lo que falta en dinero para terminar la construcci&#xF3;n y se aconseja hacer un pr&#xE9;stamo con tal fin. Actas alusivas a la donaci&#xF3;n de Gertrudis Moreno Monroy. &#x2013;- 9 de junio de 1802: se da cuenta de la conclusi&#xF3;n de la construcci&#xF3;n del convento. -- 2 de septiembre de 1815: reuni&#xF3;n para discutir la convivencia de establecer una fiesta en honor de la Virgen del Rosario venerada en la Orden. -&#x2013; 9 de diciembre de 1827: cuenta en la que se da a conocer la conveniencia de llevar un libro de cuentas de la orden, el 13 de julio de 1828 se da a conocer informes financieros de algunas de las fincas de la Orden. -&#x2013; 11 de julio de 1830: se da a conocer la carta del Secretario Jos&#xE9; Andrade y Pro Secretario Jos&#xE9; Mar&#xED;a Medina de 19 de junio de 1830 en la que se reclama no solo la gratificaci&#xF3;n acostumbrada sino el pago mismo de su labor. -&#x2013; 14 de abril de 1831: reuni&#xF3;n en la que se nombra nuevo secretario a favor de don Rafael Cuesta. -&#x2013; 8 de abril de 1832: reuni&#xF3;n en la que el nuevo tesorero don Jos&#xE9; Mar&#xED;a Rodr&#xED;guez de Rodr&#xED;guez, da a conocer el resultado de los Haberes y Data de la orden. -&#x2013; 8 de junio de 1842: reuni&#xF3;n en la que continuo el informe financiero de la Orden.</subfield>
  </datafield>
  <datafield tag="506" ind1="0" ind2=" ">
    <subfield code="a">Fondo Reservado. Para su consulta es necesario credencial de usuario y carta de motivos</subfield>
  </datafield>
  <datafield tag="546" ind1=" " ind2=" ">
    <subfield code="a">Texto en: espa&#xF1;ol de finales del siglo XVII hasta mediados del siglo XIX</subfield>
  </datafield>
  <datafield tag="610" ind1="2" ind2="4">
    <subfield code="a">Orden del Monte Carmelo</subfield>
    <subfield code="v">Manuscrito</subfield>
    <subfield code="x">Historia</subfield>
    <subfield code="y">Siglo XII</subfield>
    <subfield code="z">Monte Carmelo, Israel</subfield>
    <subfield code="9">13389</subfield>
  </datafield>
  <datafield tag="650" ind1="1" ind2="4">
    <subfield code="a">Monasticismo</subfield>
    <subfield code="v">Manuscrito</subfield>
    <subfield code="x">Ordenes religiosas</subfield>
    <subfield code="y">Siglo XVIII</subfield>
    <subfield code="z">M&#xE9;xico</subfield>
    <subfield code="9">13390</subfield>
  </datafield>
  <datafield tag="902" ind1=" " ind2=" ">
    <subfield code="a">FDH</subfield>
  </datafield>
  <datafield tag="942" ind1=" " ind2=" ">
    <subfield code="2">lcc</subfield>
    <subfield code="c">D</subfield>
  </datafield>
  <datafield tag="999" ind1=" " ind2=" ">
    <subfield code="c">4922</subfield>
    <subfield code="d">4922</subfield>
  </datafield>
  <datafield tag="952" ind1=" " ind2=" ">
    <subfield code="0">0</subfield>
    <subfield code="1">0</subfield>
    <subfield code="4">0</subfield>
    <subfield code="7">0</subfield>
    <subfield code="a">BRCA</subfield>
    <subfield code="b">BRCA</subfield>
    <subfield code="d">2010-11-26</subfield>
    <subfield code="l">0</subfield>
    <subfield code="o">DOC96 .O73 1772</subfield>
    <subfield code="p">5663</subfield>
    <subfield code="r">2019-03-22 00:00:00</subfield>
    <subfield code="w">2019-03-22</subfield>
    <subfield code="y">D</subfield>
  </datafield>
</record>
